000
00281nam a22001217a 4500
008
180104b xxu||||| |||| 00| 0 eng d
041
_a
eng
080
_a
33
100
_a
60
101
_a
ECO
245
_a
THE MANCHESTER SCHOOL OF ECONOMICS
_c
WILLIAM.D.G
942
_2
udc
_c
BK
999
_c
39711
_d
39711